Asertivita a stresové správanie

Bilancia stresových udalostí a ich test. Vyhodnotenie testu. Zoznam stresových udalostí. Počet bodov udáva intenzitu stresu posudzovanú z psychologického hľadiska. Stresové typy ľudí. Odporúčania na zmenu správania.

Na minha lista:
Detalhes bibliográficos
Autor principal: Kadlečík, Jozef
Formato: Livro
Idioma:eslovaco
Assuntos:
Tags: Adicionar Tag
Sem tags, seja o primeiro a adicionar uma tag!

MARC

LEADER 00000nam a2200000 4500
001 r031128
005 20230425124021.1
041 0 |a slo 
044 |a SK 
245 1 0 |a Asertivita a stresové správanie  |c Jozef Kadlečík 
520 |a Bilancia stresových udalostí a ich test. Vyhodnotenie testu. Zoznam stresových udalostí. Počet bodov udáva intenzitu stresu posudzovanú z psychologického hľadiska. Stresové typy ľudí. Odporúčania na zmenu správania. 
610 2 0 |a asertivita 
610 2 0 |a správanie 
610 2 0 |a osobnosť 
610 2 0 |a komunikácia 
610 2 0 |a stresy 
610 2 0 |a konflikty 
610 2 0 |a testy psychologické 
100 1 |a Kadlečík, Jozef